000 00869nam a22002057a 4500
999 _c10095
_d10095
003 AR-CdUCM
008 190329b ||||| |||| 00| 0 spa d
040 _aMUNICIPALIDAD PROVINCIAL DEL CUSCO
_cBIBLIOTECA MUNICIPAL DEL CUSCO
082 _a020 /
_bR78 / 1943
100 _aRojas de Alvarez, Angélica
_926753
245 _aBibliotecas Preventorio :
_bEl niño del pueblo /
260 _aBuenos Aires :
_bEl Ateneo,
_c1943.
300 _a125 páginas ;
_c18 cm.
505 _aContenido: Menores delincuentes y la mala lectura -- Función humana de la biblioteca pública -- El niño del pueblo y la pronunciación de nuestro idioma -- El niño del pueblo y el arte -- El niño del pueblo y la industria ...
650 _aEl niño y el adolescente
_926754
650 _aBibliotecas
_99488
650 _aFunción humana
_926755
942 _2ddc
_cLIBROS
945 _aachl